| 000 | 00611na a2200229 4500 | ||
|---|---|---|---|
| 001 | 19336 | ||
| 003 | MIRAKIL | ||
| 005 | 20181213155104.0 | ||
| 008 | 161213b tu 000 0 | ||
| 040 |
_aMilas _btur _cTR-AnCHP |
||
| 041 | _atur | ||
| 082 |
_a923.8 _bP67 [t.y.] |
||
| 090 | _a923.8 P67 [t.y.] | ||
| 100 | _aOkçay, M. Selim | ||
| 245 |
_aPost treni 3. mevki talebe _cM. Selim Okçay |
||
| 260 |
_a[y.y.] _b[yayl. y.] _c[t.y.] |
||
| 300 |
_a54 s. _bfotg. _c23 sm. |
||
| 500 | _aYapıt yazarından imzalıdır. | ||
| 600 | _aOkçay, M. Selim | ||
| 650 |
_aAnılar _zTürkiye |
||
| 942 |
_2ddc _cBKS |
||
| 999 |
_c6349 _d6349 |
||